[Event "Weekend Accademia Autunno"]
[Site "Roma ITA"]
[Date "2010.10.10"]
[Round "4"]
[White "Maggi, Luigi"]
[Black "Iandolo, Marco"]
[Result "1-0"]
[WhiteElo "1863"]
[BlackElo "1941"]
[PlyCount "104"]
[EventDate "2010.10.08"]

1. c4 Nf6 2. Nc3 c5 3. Nf3 Nc6 4. d4 cxd4 5. Nxd4 g6 6. e4 d6 7. Be2 Bg7 8. Be3
O-O 9. O-O Nxd4 10. Bxd4 Nd7 11. Rc1 a5 12. Be3 Nc5 13. f3 Bd7 14. b3 Bc6 15.
Qd2 f5 16. exf5 Rxf5 17. Bd3 Nxd3 18. Qxd3 Qd7 19. Ne2 Raf8 20. Nd4 R5f7 21.
Qd2 Kh8 22. Nxc6 bxc6 23. Qxa5 Rf5 24. Qd2 h5 25. a4 h4 26. h3 Be5 27. Bd4
Bxd4+ 28. Qxd4+ e5 29. Qxh4+ Kg7 30. Rcd1 d5 31. cxd5 cxd5 32. Qf2 d4 33. Rfe1
Qd5 34. Qc2 R5f7 35. Qc4 Qd6 36. Re4 Rc7 37. Qe2 Rc5 38. b4 Rd8 39. Qd2 Rcc8
40. Rc1 Rxc1+ 41. Qxc1 d3 42. Qd2 Qc6 43. Kh2 Qxa4 44. Qb2 Qb5 45. Qd2 Qc6 46.
Re1 Qd6 47. Kg1 Qc6 48. Rc1 Qb6+ 49. Kh1 Qb5 50. Rc3 Kf6 51. Rc1 Rd7 52. Rc5
Qa4 1-0

[Event "Weekend Accademia Autunno"]
[Site "Roma ITA"]
[Date "2010.10.10"]
[Round "4"]
[White "Maurizio, Antonio"]
[Black "Passeri, Marco"]
[Result "1-0"]
[WhiteElo "1886"]
[BlackElo "1434"]
[PlyCount "110"]
[EventDate "2010.10.08"]

1. c4 Nf6 2. Nc3 c6 3. Nf3 d5 4. d4 a6 5. cxd5 cxd5 6. Bf4 e6 7. e3 Bd6 8. Bg3
Bxg3 9. hxg3 Nc6 10. Bd3 b5 11. Rc1 Bb7 12. O-O Qd6 13. a3 O-O 14. Na2 e5 15.
dxe5 Nxe5 16. Nd4 Nfg4 17. Nf5 Qe6 18. f3 Nxd3 19. Qxd3 Ne5 20. Qc2 Rac8 21.
Nc3 Nc4 22. Rfe1 Qf6 23. g4 Qb6 24. Ne7+ Kh8 25. Nxc8 Rxc8 26. Qf2 Re8 27. Re2
h6 28. b3 Nxe3 29. Nxd5 Bxd5 30. Rce1 Bxb3 31. Rxe3 Rxe3 32. Qxe3 Qxe3+ 33.
Rxe3 Be6 34. Kf2 a5 35. Re5 Bc4 36. Rc5 a4 37. Ke3 Kg8 38. Kd4 Bf1 39. g3 Kf8
40. Rc7 Be2 41. Ke3 Bf1 42. f4 Bh3 43. Kf2 Bxg4 44. Rb7 Be6 45. Rxb5 Bb3 46.
Rb7 g6 47. Ra7 h5 48. Ke3 Kg7 49. Ke4 Kf6 50. Ra6+ Ke7 51. Ke5 Kd7 52. Kf6 Kc7
53. Ra7+ Kd6 54. Rxf7 Bc2 55. Rg7 Kc5 1-0

[Event "Weekend Accademia Autunno"]
[Site "Roma ITA"]
[Date "2010.10.10"]
[Round "4"]
[White "Nazzarri, Errico"]
[Black "Caporale, Giuseppe Guido"]
[Result "0-1"]
[WhiteElo "1383"]
[BlackElo "1782"]
[PlyCount "54"]
[EventDate "2010.10.08"]

1. e4 d5 2. exd5 Qxd5 3. Nf3 Bg4 4. Be2 Nf6 5. O-O Nc6 6. Nc3 Qd6 7. d3 O-O-O
8. Be3 a6 9. a3 e6 10. Rb1 Nd5 11. Ne4 Qe7 12. d4 f5 13. Nc5 Qe8 14. h3 Nxe3
15. fxe3 Bxf3 16. Bxf3 Bxc5 17. c3 Bb6 18. Qe2 h5 19. h4 g5 20. g3 f4 21. exf4
gxf4 22. Kh2 fxg3+ 23. Kg2 e5 24. Kxg3 Qg6+ 25. Kh3 exd4 26. Bxc6 Qxc6 27. Rf4
d3 0-1

[Event "Weekend Accademia Autunno"]
[Site "Roma ITA"]
[Date "2010.10.10"]
[Round "4"]
[White "Prudenzano, Ruggero"]
[Black "Maggi, Fabrizio"]
[Result "1/2-1/2"]
[WhiteElo "1929"]
[BlackElo "2130"]
[PlyCount "108"]
[EventDate "2010.10.08"]

1. d4 f5 2. Nf3 Nf6 3. Bg5 d5 4. Bxf6 exf6 5. e3 Be6 6. Bd3 Qd7 7. Nbd2 Nc6 8.
c3 Ne7 9. Qb3 c6 10. a4 Nc8 11. Qc2 a5 12. O-O Nd6 13. c4 dxc4 14. Nxc4 Nxc4
15. Bxc4 Bd5 16. Bxd5 Qxd5 17. Rfc1 Bb4 18. Nd2 O-O 19. Nc4 Rad8 20. b3 f4 21.
Rd1 Rfe8 22. exf4 Qe4 23. Qxe4 Rxe4 24. g3 Rexd4 25. Rxd4 Rxd4 26. Kf1 Rd3 27.
Rb1 b5 28. axb5 cxb5 29. Ne3 Kf7 30. Ke2 Rd2+ 31. Kf3 Ke6 32. g4 Rd3 33. Ke4
Rd2 34. f5+ Kd6 35. Rd1 Kc5 36. Rxd2 Bxd2 37. Nc2 a4 38. bxa4 bxa4 39. Kd3 Bc1
40. Kc3 Bf4 41. Kb2 Bxh2 42. Ka3 Kc4 43. Kxa4 Kd3 44. Kb3 Ke2 45. Nd4+ Kxf2 46.
Ne6 Kf3 47. g5 Kg4 48. g6 hxg6 49. fxg6 Kf5 50. Nxg7+ Kxg6 51. Ne6 Kf5 52. Nc5
Bg1 53. Nd7 Ke6 54. Nxf6 Kxf6 1/2-1/2

[Event "Weekend Accademia Autunno"]
[Site "Roma ITA"]
[Date "2010.10.10"]
[Round "4"]
[White "Scagliarini, Bruno"]
[Black "Trebeschi, Andrea"]
[Result "0-1"]
[WhiteElo "1906"]
[BlackElo "2041"]
[PlyCount "92"]
[EventDate "2010.10.08"]

1. c4 e5 2. Nc3 d6 3. d4 exd4 4. Qxd4 Nc6 5. Qd2 Nf6 6. g3 g6 7. Bg2 Bg7 8. b3
O-O 9. Bb2 Be6 10. Nd5 Bxd5 11. cxd5 Ne5 12. Nh3 a5 13. O-O Ned7 14. Nf4 Nc5
15. Bxf6 Qxf6 16. e3 Qc3 17. Qe2 Qb4 18. Rac1 a4 19. Rc4 Qb5 20. b4 Na6 21. h4
Be5 22. Rfc1 Bxf4 23. gxf4 Qd7 24. Qf3 Qf5 25. Bh3 Qd3 26. f5 b5 27. Rd4 Qa3
28. Rcd1 Nxb4 29. f6 Nc2 30. Qf4 Kh8 31. Qh6 Rg8 32. Re4 Qb2 33. Qg5 Rae8 34.
Rf4 Re5 35. Qg3 Qxa2 36. Kh1 Qb3 37. Rg1 Qxd5+ 38. Kh2 a3 39. e4 Qc4 40. Bf5 a2
41. h5 a1=Q 42. Rxa1 Nxa1 43. hxg6 fxg6 44. Bxg6 Rxg6 45. Qh3 Qf7 46. Rh4 Reg5
0-1

[Event "Weekend Accademia Autunno"]
[Site "Roma ITA"]
[Date "2010.10.10"]
[Round "4"]
[White "Squicciarini, Simone"]
[Black "Ceccarelli, Lucio"]
[Result "0-1"]
[WhiteElo "1608"]
[BlackElo "1554"]
[PlyCount "69"]
[EventDate "2010.10.08"]

1. d4 Nf6 2. Nf3 e6 3. g3 d5 4. Bg2 Nbd7 5. Nbd2 g6 6. c3 Bg7 7. O-O O-O 8. Qc2
b6 9. e4 dxe4 10. Nxe4 Bb7 11. Ne5 Bxe4 12. Bxe4 Nxe4 13. Qxe4 Nxe5 14. dxe5
Qd5 15. Qxd5 exd5 16. Rd1 Rad8 17. f4 Rfe8 18. Be3 f6 19. exf6 Bxf6 20. Kf2 Rd7
21. Re1 Rde7 22. Rad1 c6 23. Bd2 Rxe1 24. Rxe1 Rxe1 25. Bxe1 d4 26. c4 c5 27.
Ke2 Kf7 28. Kd3 Ke6 29. Ke4 a6 30. a4 Be7 31. g4 Bf6 32. b3 g5 33. Bg3 Bd8 34.
h4 h6 35. f5+ 0-1

[Event "Weekend Accademia Autunno"]
[Site "Roma ITA"]
[Date "2010.10.10"]
[Round "4"]
[White "Tosi, Francesco"]
[Black "Condemi De Felice, Alfonso"]
[Result "1-0"]
[WhiteElo "1824"]
[BlackElo "1907"]
[PlyCount "63"]
[EventDate "2010.10.08"]

1. Nf3 g6 2. e4 Bg7 3. d4 d6 4. c3 Nd7 5. Bc4 Nb6 6. Bb3 Nf6 7. Qe2 O-O 8. a4
a5 9. O-O Bg4 10. Bf4 c6 11. Nbd2 Nh5 12. Be3 d5 13. h3 Bxf3 14. Qxf3 Nf6 15.
Bg5 h6 16. Bh4 g5 17. Bg3 Qd7 18. e5 Ne8 19. Qd3 f5 20. exf6 Nxf6 21. Bc2 e6
22. h4 g4 23. b3 Bh8 24. Rac1 Rac8 25. Qe3 Qg7 26. Bf4 Qe7 27. Bxh6 Rf7 28. Bg6
Nbd7 29. Bxf7+ Qxf7 30. Bg5 b6 31. Qg3 c5 32. Rc2 1-0

[Event "Weekend Accademia Autunno"]
[Site "Roma ITA"]
[Date "2010.10.10"]
[Round "4"]
[White "Vannelli, Vittorio"]
[Black "Carola, Paolo"]
[Result "1-0"]
[WhiteElo "1761"]
[BlackElo "1904"]
[PlyCount "55"]
[EventDate "2010.10.08"]

1. e4 e5 2. Nc3 Nf6 3. f4 d5 4. fxe5 Nxe4 5. Nf3 Be7 6. Qe2 Nxc3 7. dxc3 O-O 8.
Bd2 Bg4 9. O-O-O c5 10. h3 Bf5 11. g4 Be4 12. Rh2 Qa5 13. Kb1 Nc6 14. Rf2 b5
15. Bf4 Rab8 16. Nd2 b4 17. Nxe4 bxc3 18. b3 dxe4 19. Qxe4 Rb4 20. Qxc6 Rxf4
21. Rf3 Rxf3 22. Qxf3 Bg5 23. Rd7 Bd2 24. a4 Qb4 25. Bc4 h6 26. Rxf7 Rxf7 27.
Qxf7+ Kh7 28. Bd3+ 1-0

[Event "Weekend Accademia Autunno"]
[Site "Roma ITA"]
[Date "2010.10.10"]
[Round "5"]
[White "Bolla, Vittorio"]
[Black "Iandolo, Marco"]
[Result "0-1"]
[WhiteElo "1790"]
[BlackElo "1941"]
[PlyCount "71"]
[EventDate "2010.10.08"]

1. e4 d5 2. e5 c5 3. d4 cxd4 4. Nf3 Bg4 5. Bb5+ Nc6 6. O-O a6 7. Bxc6+ bxc6 8.
Qxd4 Bxf3 9. gxf3 e6 10. Kh1 c5 11. Qg4 g6 12. Bg5 Be7 13. f4 h6 14. Bxe7 Nxe7
15. Nc3 Nf5 16. Rad1 Qh4 17. Qxh4 Nxh4 18. Na4 Rc8 19. Rd3 Ke7 20. b3 Rc6 21.
Rc3 Rhc8 22. Rh3 Nf5 23. Nc3 h5 24. Ne2 Nd4 25. Nxd4 cxd4 26. Rd3 Rxc2 27. a3
R2c3 28. Rfd1 Rxd3 29. Rxd3 Rc3 30. Rxd4 Rxb3 31. Ra4 Rb6 32. Kg2 Kd7 33. Kf3
Kc6 34. Ke3 Kb5 35. Rb4+ Ka5 36. f5 0-1

[Event "Weekend Accademia Autunno"]
[Site "Roma ITA"]
[Date "2010.10.10"]
[Round "5"]
[White "Carnicelli, Valerio"]
[Black "Ceccarelli, Lucio"]
[Result "1-0"]
[WhiteElo "1880"]
[BlackElo "1554"]
[PlyCount "59"]
[EventDate "2010.10.08"]

1. e4 c5 2. Nf3 d6 3. d4 cxd4 4. Nxd4 Nf6 5. Nc3 g6 6. f3 a6 7. Be3 Nbd7 8. Qd2
Bg7 9. O-O-O b5 10. Bh6 Bxh6 11. Qxh6 Bb7 12. h4 Ne5 13. h5 Nxh5 14. Rxh5 gxh5
15. Nf5 Qc7 16. Ng7+ Kd7 17. Qxh5 Rac8 18. Qxe5 b4 19. Qf5+ Kd8 20. Qxf7 Qa5
21. Nf5 Qc7 22. Nd4 Qa5 23. Nd5 Re8 24. Ne6+ Kd7 25. Nf6+ Kc6 26. Nd4+ Kb6 27.
Nxe8 Rxe8 28. Qxe8 Qxa2 29. Nb3 a5 30. Qd8+ 1-0

[Event "Weekend Accademia Autunno"]
[Site "Roma ITA"]
[Date "2010.10.10"]
[Round "5"]
[White "Carola, Paolo"]
[Black "Milani, Patrizia"]
[Result "1-0"]
[WhiteElo "1904"]
[BlackElo "1416"]
[PlyCount "48"]
[EventDate "2010.10.08"]

1. e4 e5 2. Nf3 Nc6 3. Bb5 a6 4. Bxc6 bxc6 5. Nxe5 Qe7 6. d4 c5 7. Nc3 Bb7 8.
O-O O-O-O 9. Nd5 Bxd5 10. exd5 f6 11. Nf3 Qd6 12. dxc5 Qxc5 13. Be3 Qb5 14. c4
Qxc4 15. Rc1 Qb4 16. a3 Qb5 17. d6 c6 18. Nd4 Qb7 19. Nf5 g6 20. Ng3 Nh6 21.
Re1 Bg7 22. Rc3 f5 23. Rb3 Qa8 24. Bb6 Rde8 1-0

[Event "Weekend Accademia Autunno"]
[Site "Roma ITA"]
[Date "2010.10.10"]
[Round "5"]
[White "Condemi De Felice, Alfonso"]
[Black "Lami, Damiano"]
[Result "1-0"]
[WhiteElo "1907"]
[BlackElo "1652"]
[PlyCount "59"]
[EventDate "2010.10.08"]

1. d4 d5 2. Nf3 Nf6 3. e3 Bf5 4. Bd3 Bg6 5. O-O e6 6. Re1 Bd6 7. Qe2 Nbd7 8.
Nbd2 Qe7 9. e4 dxe4 10. Nxe4 Nxe4 11. Bxe4 c6 12. c4 Bxe4 13. Qxe4 Nf6 14. Qc2
O-O 15. a3 b5 16. Bg5 h6 17. Bxf6 gxf6 18. Rad1 Rac8 19. Qd2 Kh7 20. Qd3+ Kh8
21. cxb5 cxb5 22. Qxb5 Rb8 23. Qh5 Kh7 24. b4 Rfc8 25. d5 e5 26. Nh4 Qe8 27.
Nf5 Bf8 28. Re3 Bg7 29. Rg3 Bf8 30. Qg4 1-0

[Event "Weekend Accademia Autunno"]
[Site "Roma ITA"]
[Date "2010.10.10"]
[Round "5"]
[White "De Santis, Emilio"]
[Black "Maurizio, Antonio"]
[Result "1/2-1/2"]
[WhiteElo "1875"]
[BlackElo "1886"]
[PlyCount "71"]
[EventDate "2010.10.08"]

1. d4 e6 2. c4 d5 3. Nc3 Be7 4. Nf3 Nf6 5. Bg5 O-O 6. e3 h6 7. Bf4 b6 8. a3 Bb7
9. Bd3 a6 10. O-O Nbd7 11. h3 c5 12. cxd5 Nxd5 13. Nxd5 Bxd5 14. Bg3 Bb7 15.
dxc5 Nxc5 16. Bc2 Qxd1 17. Rfxd1 Bxf3 18. gxf3 Bf6 19. Rab1 e5 20. f4 exf4 21.
Bxf4 Rfd8 22. b4 Ne6 23. Bg3 Rxd1+ 24. Rxd1 Rd8 25. Bd6 Bb2 26. a4 Ba3 27. Rd3
a5 28. Rxa3 Rxd6 29. bxa5 bxa5 30. Rc3 Kf8 31. Kg2 Ke7 32. Bf5 Rd5 33. Bxe6
Kxe6 34. Rc6+ Rd6 35. Rc5 Rd5 36. Rc6+ 1/2-1/2

[Event "Weekend Accademia Autunno"]
[Site "Roma ITA"]
[Date "2010.10.10"]
[Round "5"]
[White "Di Giulio, Michele"]
[Black "Nazzarri, Errico"]
[Result "1-0"]
[WhiteElo "1669"]
[BlackElo "1383"]
[PlyCount "45"]
[EventDate "2010.10.08"]

1. d4 d5 2. Nf3 e6 3. c4 Nf6 4. Nc3 Be7 5. Bg5 O-O 6. e3 Ne4 7. Bxe7 Qxe7 8.
Nxe4 dxe4 9. Nd2 b6 10. Nxe4 Qb4+ 11. Qd2 Qa5 12. Qxa5 bxa5 13. Nc5 Nd7 14. Nb3
Rb8 15. Rb1 a4 16. Na5 Rb6 17. c5 Ba6 18. cxb6 Bxf1 19. Rxf1 axb6 20. Nc6 Ra8
21. Ke2 Kf8 22. Rfd1 Re8 23. Rbc1 1-0

[Event "Weekend Accademia Autunno"]
[Site "Roma ITA"]
[Date "2010.10.10"]
[Round "5"]
[White "Fargnoli, Maurizio"]
[Black "Maggi, Luigi"]
[Result "1/2-1/2"]
[WhiteElo "1678"]
[BlackElo "1863"]
[PlyCount "37"]
[EventDate "2010.10.08"]

1. e4 e6 2. d4 d5 3. e5 c5 4. c3 Qb6 5. Nf3 Nc6 6. Be2 cxd4 7. cxd4 Nh6 8. Bxh6
Qxb2 9. Nbd2 gxh6 10. O-O Qa3 11. Nb3 Bd7 12. Qd2 h5 13. Ng5 Bh6 14. Bxh5 Bxg5
15. Qxg5 Qe7 16. Qxe7+ Kxe7 17. a3 b6 18. Rfd1 Rhf8 19. f4 1/2-1/2

[Event "Weekend Accademia Autunno"]
[Site "Roma ITA"]
[Date "2010.10.10"]
[Round "5"]
[White "Maggi, Fabrizio"]
[Black "Figus, Maurizio"]
[Result "1-0"]
[WhiteElo "2130"]
[BlackElo "1920"]
[PlyCount "45"]
[EventDate "2010.10.08"]

1. c4 e5 2. Nc3 d6 3. Nf3 f5 4. d4 e4 5. Ng5 Be7 6. Nh3 Nf6 7. Bg5 Nbd7 8. Nf4
Nf8 9. e3 Be6 10. Qb3 Qc8 11. Nxe6 Nxe6 12. Bxf6 Bxf6 13. Qb5+ Qd7 14. Qxf5 O-O
15. Qxe4 Rae8 16. Bd3 g6 17. O-O c6 18. Qg4 Qf7 19. Ne4 Be7 20. f4 h5 21. Qg3
h4 22. Qg4 Kh8 23. Ng5 1-0

[Event "Weekend Accademia Autunno"]
[Site "Roma ITA"]
[Date "2010.10.10"]
[Round "5"]
[White "Passeri, Marco"]
[Black "Sacco, Davide"]
[Result "1-0"]
[WhiteElo "1434"]
[BlackElo "1482"]
[PlyCount "113"]
[EventDate "2010.10.08"]

1. d4 Nf6 2. Nf3 e6 3. e3 b6 4. Bd3 Bb7 5. Nbd2 d5 6. O-O Be7 7. b3 O-O 8. Bb2
a6 9. c4 Nbd7 10. Ne5 Ne4 11. Qc2 Ndf6 12. f3 Nxd2 13. Qxd2 c5 14. Rac1 g6 15.
Qe2 a5 16. cxd5 exd5 17. Bb5 Rc8 18. Rfd1 Bd6 19. Ba6 Rb8 20. Bxb7 Rxb7 21.
dxc5 Bxc5 22. Kh1 Qe7 23. Bd4 Rc7 24. Rc2 Rfc8 25. Rdc1 Qd6 26. Qd3 Ba3 27.
Rxc7 Rxc7 28. Rxc7 Qxc7 29. Qc3 Qxc3 30. Bxc3 Bc5 31. Bd2 Kf8 32. Kg1 Ke7 33.
Kf2 Ke6 34. Nc6 Nd7 35. Bc3 f5 36. Ke2 h5 37. h3 Be7 38. Kd3 Nc5+ 39. Kc2 Bf6
40. a3 Bxc3 41. Kxc3 h4 42. b4 axb4+ 43. axb4 Nd7 44. Kd4 Kd6 45. Na7 g5 46.
Nb5+ Ke6 47. Nc3 Kd6 48. Nxd5 Ke6 49. e4 f4 50. Kc4 Kd6 51. Kb5 Ne5 52. Kxb6
Nd3 53. b5 Nc1 54. Ka7 Nd3 55. b6 Ne5 56. b7 Nc6+ 57. Ka8 1-0

[Event "Weekend Accademia Autunno"]
[Site "Roma ITA"]
[Date "2010.10.10"]
[Round "5"]
[White "Prudenzano, Ruggero"]
[Black "Capitelli, Paolo"]
[Result "1/2-1/2"]
[WhiteElo "1929"]
[BlackElo "2128"]
[PlyCount "92"]
[EventDate "2010.10.08"]

1. d4 Nf6 2. c4 g6 3. Nc3 Bg7 4. e4 d6 5. Nge2 O-O 6. Ng3 e5 7. d5 a5 8. Be2
Na6 9. O-O h5 10. Bg5 Qe8 11. Qd2 Nh7 12. Bh6 h4 13. Nh1 Qe7 14. Bxg7 Kxg7 15.
f4 exf4 16. Qxf4 g5 17. Qd2 Nc5 18. Nf2 Bd7 19. Rae1 Rae8 20. Bg4 b6 21. Bf5 f6
22. Nd3 Nxd3 23. Qxd3 Bxf5 24. exf5 Qxe1 25. Rxe1 Rxe1+ 26. Kf2 Rfe8 27. Nb5
R1e7 28. Nd4 Kh8 29. Ne6 Rg8 30. Qf3 Rd7 31. Qg4 Nf8 32. Qh5+ Rh7 33. Qd1 g4
34. Nxf8 g3+ 35. hxg3 hxg3+ 36. Kf3 Rxf8 37. Kxg3 Rg8+ 38. Kf3 Rg5 39. g4 Rh3+
40. Kf2 Rh4 41. Kg3 Rgxg4+ 42. Qxg4 Rxg4+ 43. Kxg4 Kg7 44. b3 Kh6 45. Kh4 Kg7
46. Kh5 Kh7 1/2-1/2

[Event "Weekend Accademia Autunno"]
[Site "Roma ITA"]
[Date "2010.10.10"]
[Round "5"]
[White "Quimi, Marco"]
[Black "Vannelli, Vittorio"]
[Result "1-0"]
[WhiteElo "2195"]
[BlackElo "1761"]
[PlyCount "109"]
[EventDate "2010.10.08"]

1. d4 Nf6 2. Nf3 d6 3. g3 Nbd7 4. Bg2 g6 5. O-O Bg7 6. c4 O-O 7. Nc3 e5 8. e4
c6 9. Qe1 h6 10. h3 a6 11. a4 Re8 12. Be3 exd4 13. Nxd4 Ne5 14. Qe2 c5 15. Nf3
Nxf3+ 16. Qxf3 Be6 17. Qe2 Qb6 18. a5 Qc7 19. Rfd1 Rad8 20. Qd3 b6 21. Bf4 Bf8
22. axb6 Qxb6 23. Nd5 Nxd5 24. cxd5 Bc8 25. Qd2 Bg7 26. Bxh6 Qxb2 27. Bxg7 Qxd2
28. Rxd2 Kxg7 29. f3 Re7 30. Bf1 f5 31. exf5 Bxf5 32. Rxa6 Re1 33. g4 Bc8 34.
Ra7+ Kf6 35. Kf2 Rde8 36. h4 R1e7 37. Rxe7 Kxe7 38. Bd3 Kf6 39. g5+ Kf7 40. Ra2
Bf5 41. Bxf5 gxf5 42. h5 Re7 43. Kg3 Kg7 44. Kf4 c4 45. Kxf5 c3 46. Rc2 Rf7+
47. Kg4 Rc7 48. f4 Rc5 49. h6+ Kh7 50. Kh5 Rxd5 51. Rxc3 Rc5 52. Re3 Rf5 53.
Re7+ Kg8 54. Kg6 Rxf4 55. Re8+ 1-0

[Event "Weekend Accademia Autunno"]
[Site "Roma ITA"]
[Date "2010.10.10"]
[Round "5"]
[White "Scagliarini, Bruno"]
[Black "Tosi, Francesco"]
[Result "0-1"]
[WhiteElo "1906"]
[BlackElo "1824"]
[PlyCount "23"]
[EventDate "2010.10.08"]

1. c4 Nf6 2. Nf3 c5 3. g3 b6 4. Bg2 Bb7 5. Nc3 g6 6. O-O Bg7 7. d3 O-O 8. Bd2
d6 9. e3 Nbd7 10. Ne1 Qc8 11. f4 e6 12. Qe2 0-1

[Event "XXXII Festival A"]
[Site "Arco ITA"]
[Date "2010.10.16"]
[Round "1"]
[White "Aagaard, Jacob"]
[Black "Von Wantoch, Markus"]
[WhiteElo "2534"]
[BlackElo "1927"]
[Result "1-0"]
[PlyCount "35"]
[EventDate "2010.10.16"]

1. e4 d5 2. exd5 Nf6 3. d4 Nxd5 4. Nf3 Bg4 5. h3 Bh5 6. c4 Nb6 7. Nc3 e6 8. g4
Bg6 9. Ne5 Nc6 10. Nxg6 hxg6 11. Be3 Be7 12. Qd2 Qd7 13. O-O-O O-O-O 14. d5 Ne5
15. Qd4 Bf6 16. Qe4 exd5 17. cxd5 Rde8 18. Bb5 1-0

[Event "XXXII Festival A"]
[Site "Arco ITA"]
[Date "2010.10.16"]
[Round "1"]
[White "Antoniacci, Riccardo"]
[Black "Siebrecht, Sebastian"]
[WhiteElo "1923"]
[BlackElo "2421"]
[Result "0-1"]
[PlyCount "50"]
[EventDate "2010.10.16"]

1. e4 c5 2. Nf3 e6 3. d3 Nc6 4. g3 Nge7 5. Bg2 d5 6. Nbd2 g6 7. O-O Bg7 8. Re1
O-O 9. Qe2 b6 10. h4 e5 11. Nf1 h6 12. a4 Be6 13. Ne3 d4 14. Nf1 a6 15. N3h2
Qd7 16. f4 Rae8 17. Nf3 Kh7 18. N1h2 f5 19. Nxe5 Nxe5 20. fxe5 Bxe5 21. exf5
Nxf5 22. h5 Bxg3 23. hxg6+ Kxg6 24. Qg4+ Kh7 25. Be4 Bxe1 0-1

[Event "XXXII Festival A"]
[Site "Arco ITA"]
[Date "2010.10.16"]
[Round "1"]
[White "Astengo, Corrado"]
[Black "Mumelter, Igor"]
[Result "1-0"]
[WhiteElo "2150"]
[BlackElo "1839"]
[PlyCount "69"]
[EventDate "2010.10.16"]

1. e4 c6 2. d4 d5 3. exd5 cxd5 4. c4 Nf6 5. Nc3 e6 6. Nf3 Bb4 7. a3 Be7 8. Bd3
dxc4 9. Bxc4 O-O 10. O-O Nbd7 11. Re1 Nb6 12. Ba2 Bd7 13. Ne5 Nbd5 14. Qd3 Bc6
15. Bg5 Nxc3 16. bxc3 Nd5 17. Bb1 g6 18. Bh6 Re8 19. Qf3 Nf6 20. Nxc6 bxc6 21.
Qxc6 Nd5 22. c4 Qa5 23. Be4 Nc3 24. Bd3 Qh5 25. Bd2 Rac8 26. Qa6 Rb8 27. Bxc3
Rb6 28. Qa4 Reb8 29. Bc2 Bd6 30. g3 Qf3 31. Re3 Qg4 32. c5 Bxc5 33. dxc5 Rb1+
34. Rxb1 Rxb1+ 35. Kg2 1-0

[Event "XXXII Festival A"]
[Site "Arco ITA"]
[Date "2010.10.16"]
[Round "1"]
[White "Astengo, Marcello"]
[Black "Savarese, Vincenzo"]
[Result "1-0"]
[WhiteElo "2064"]
[BlackElo "1808"]
[PlyCount "147"]
[EventDate "2010.10.16"]

1. d4 d5 2. c4 e6 3. Nc3 Nf6 4. cxd5 exd5 5. Bg5 c6 6. Qc2 Bd6 7. e3 O-O 8. Bd3
h6 9. Bh4 Nbd7 10. Nge2 Re8 11. Ng3 Qa5 12. O-O Bxg3 13. Bxg3 Nf8 14. h3 Ne6
15. a3 Qd8 16. Rad1 Qe7 17. Rfe1 Ng5 18. Bh4 Nge4 19. Bxe4 dxe4 20. d5 Bd7 21.
Rd4 g5 22. d6 Qe6 23. Bg3 c5 24. Rd2 Rad8 25. Red1 Bc6 26. Ne2 Nd7 27. Nc1 b6
28. b4 f5 29. Ne2 Ba8 30. bxc5 Nxc5 31. Nd4 Qf7 32. Nb5 Bc6 33. d7 Rxd7 34. Nd6
Rxd6 35. Rxd6 Ba4 36. Qb1 Bxd1 37. Qxd1 Kh7 38. Qd4 Qg7 39. Qd5 Qf8 40. Rc6 Rd8
41. Rc7+ Kg6 42. Rc6+ Kh5 43. Qc4 f4 44. exf4 gxf4 45. Qe2+ f3 46. gxf3 Qxf3
47. Qxf3+ exf3 48. Bf4 Rh8 49. Kh2 Rh7 50. Kg3 Nd3 51. Bb8 Kg5 52. Rd6 Nc5 53.
Rd5+ Kf6 54. Kxf3 Rd7 55. Rxd7 Nxd7 56. Bxa7 Kf5 57. Ke3 Ne5 58. a4 Nc4+ 59.
Kd4 Nb2 60. Bxb6 Nxa4 61. Ba7 Nb2 62. Kc3 Nd1+ 63. Kc2 Nxf2 64. Bxf2 h5 65. Kd3
Kf4 66. h4 Kf3 67. Be1 Kf4 68. Bd2+ Kg4 69. Bg5 Kf5 70. Kd4 Kg4 71. Ke4 Kh3 72.
Kf4 Kg2 73. Be7 Kh3 74. Kg5 1-0

[Event "XXXII Festival A"]
[Site "Arco ITA"]
[Date "2010.10.16"]
[Round "1"]
[White "Baeta, Marcio Netto"]
[Black "Marshall, Michael"]
[WhiteElo "2221"]
[BlackElo "1878"]
[Result "1-0"]
[PlyCount "61"]
[EventDate "2010.10.16"]

1. e4 c5 2. d4 cxd4 3. Nf3 e6 4. Nxd4 Nc6 5. Nxc6 bxc6 6. Bd3 Nf6 7. O-O d5 8.
e5 Nd7 9. f4 Qb6+ 10. Kh1 Ba6 11. Nc3 Bxd3 12. cxd3 Be7 13. d4 O-O 14. f5 exf5
15. Rxf5 Rad8 16. Qg4 Kh8 17. Rh5 Qa6 18. Be3 Qd3 19. Qh3 Qg6 20. Ne2 Kg8 21.
Rc1 Nb8 22. Ng3 Rfe8 23. Nf5 f6 24. Rh4 Kh8 25. Rf1 Bf8 26. Rf3 fxe5 27. Rg3
Qe6 28. Rxh7+ Kg8 29. Rgxg7+ Bxg7 30. Rxg7+ Kf8 31. Qh8+ 1-0

[Event "XXXII Festival A"]
[Site "Arco ITA"]
[Date "2010.10.16"]
[Round "1"]
[White "Basso, Pier Luigi"]
[Black "Teodonio, Fabrizio"]
[Result "1/2-1/2"]
[WhiteElo "1779"]
[BlackElo "2002"]
[PlyCount "114"]
[EventDate "2010.10.16"]

1. e4 c5 2. Nf3 e6 3. d4 cxd4 4. Nxd4 Nc6 5. Nc3 Nf6 6. Ndb5 Bb4 7. Nd6+ Ke7 8.
Bf4 e5 9. Nf5+ Kf8 10. Bd2 d5 11. Qc1 d4 12. Nxg7 dxc3 13. bxc3 Nxe4 14. Bh6
Bxc3+ 15. Ke2 Nd4+ 16. Ke3 Bd2+ 17. Qxd2 Nxd2 18. Ne6+ Ke7 19. Nxd8 Rxd8 20.
Bd3 Nf5+ 21. Kxd2 Nxh6 22. Rhe1 f6 23. Rab1 b6 24. f4 Nf7 25. Kc3 h6 26. Bg6
Be6 27. Bxf7 Rac8+ 28. Kb2 Kxf7 29. fxe5 Rd2 30. Rbc1 Rxg2 31. exf6 Kxf6 32. h4
Bf5 33. Rcd1 Rcxc2+ 34. Kb3 Rb2+ 35. Ka3 Rxa2+ 36. Kb4 a5+ 37. Kb5 Rab2+ 38.
Ka6 Bc8+ 39. Ka7 Rgd2 40. Rf1+ Kg6 41. Rc1 Bd7 42. Rc3 Kh5 43. Rf4 Rb4 44. Rf6
Rd5 45. Rc1 a4 46. Rg1 Bg4 47. Rc1 a3 48. Rcc6 Kxh4 49. Rxh6+ Kg5 50. Rhg6+ Kf4
51. Rgf6+ Ke4 52. Rf1 a2 53. Rcc1 Rd2 54. Rg1 Be2 55. Ra1 Kd3 56. Rg3+ Kc2 57.
Rxa2+ Rb2 1/2-1/2

[Event "XXXII Festival A"]
[Site "Arco ITA"]
[Date "2010.10.16"]
[Round "1"]
[White "Bonagura, Stefano"]
[Black "Savinova, Yulia"]
[Result "1-0"]
[WhiteElo "2130"]
[BlackElo "1820"]
[PlyCount "86"]
[EventDate "2010.10.16"]

1. c4 Nf6 2. g3 e5 3. Bg2 Bc5 4. Nc3 a6 5. e3 Qe7 6. Nge2 c6 7. a3 Ba7 8. O-O
O-O 9. b4 d6 10. d3 Nbd7 11. a4 Nb8 12. b5 Bc5 13. d4 Bb4 14. Na2 Ba5 15. bxc6
Nxc6 16. d5 Nb8 17. Ba3 Nbd7 18. Nac1 Rb8 19. Nb3 Bb6 20. a5 Ba7 21. Nc3 Nc5
22. Nxc5 Bxc5 23. Bxc5 dxc5 24. Na4 Qd6 25. Rb1 Nd7 26. Nb6 Rd8 27. Qd3 Nf6 28.
Rb2 Bg4 29. f3 Bh5 30. e4 Bg6 31. Rfb1 Nd7 32. Bh3 Nf6 33. Na4 Qc7 34. Rb6 Ne8
35. Qa3 Nd6 36. Qxc5 Qxc5+ 37. Nxc5 Nxc4 38. Nxb7 Rxb7 39. Rxb7 Nxa5 40. R7b4
h6 41. Ra4 f5 42. Rxa5 fxe4 43. fxe4 Rc8 1-0

[Event "XXXII Festival A"]
[Site "Arco ITA"]
[Date "2010.10.16"]
[Round "1"]
[White "Bondielli, Giorgio"]
[Black "Molina, Fabrizio"]
[WhiteElo "1880"]
[BlackElo "2222"]
[Result "1/2-1/2"]
[PlyCount "117"]
[EventDate "2010.10.16"]

1. e4 d6 2. d4 Nf6 3. Bd3 e5 4. c3 g6 5. Nf3 Nbd7 6. Bg5 h6 7. Bh4 Bg7 8. Nbd2
O-O 9. O-O Re8 10. Qc2 g5 11. Bg3 Nh5 12. Rad1 Qe7 13. h3 Nf8 14. dxe5 dxe5 15.
Nc4 Ng6 16. Ne3 Be6 17. Rfe1 a5 18. Kh2 Qc5 19. b3 Rad8 20. Bc4 b5 21. b4 axb4
22. cxb4 Qxb4 23. Rb1 Qa3 24. Bxe6 fxe6 25. Rxb5 Ra8 26. Rb2 Ngf4 27. Nc4 Qf8
28. Re3 Nxg3 29. fxg3 Ng6 30. Rc3 Ra7 31. Ne3 Qf7 32. Rb4 Rea8 33. a4 Bf8 34.
Rbc4 Bd6 35. Ng4 Kg7 36. Nf2 Qd7 37. Nd3 Rxa4 38. Nc5 Bxc5 39. Rxc5 Kf6 40.
Rxc7 Qb5 41. R7c5 Qf1 42. Nd2 Qe1 43. Rf3+ Nf4 44. gxf4 gxf4 45. Qc3 Rd4 46.
Rxf4+ exf4 47. Qxd4+ Kg6 48. Qd3 Qe3 49. Qxe3 fxe3 50. Nf3 Ra4 51. e5 Kf5 52.
Kg3 Ke4 53. Rc6 Ra1 54. Rxe6 Rf1 55. Rd6 e2 56. Ne1 Rxe1 57. Kf2 Rg1 58. Kxe2
Rxg2+ 59. Kf1 1/2-1/2